[Event "New Delhi Parsvnath blitz op 18th"]
[Site "New Delhi"]
[Date "2020.01.14"]
[Round "4"]
[White "Kiran, Manisha Mohanty"]
[Black "Shravan, Swaminathan"]
[Result "1-0"]
[WhiteElo "2133"]
[BlackElo "1528"]
[PlyCount "111"]
[EventDate "2020.01.14"]
[EventType "swiss (blitz)"]
[EventRounds "9"]
[EventCountry "IND"]
[SourceTitle "CBM 194 Extra"]
[Source "ChessBase"]
[SourceDate "2020.03.31"]
[SourceVersion "1"]
[SourceVersionDate "2020.03.31"]
[SourceQuality "1"]

1. e4 e5 2. Nf3 Nc6 3. Bb5 a6 4. Ba4 Nf6 5. 0-0 Be7 6. Re1 b5 7. Bb3 d6 8. a4 Bg4 9. c3 0-0 10. d3 Na7 11. Nbd2 c5 12. h3 Bh5 13. Nf1 Kh8 14. g4 Bg6 15. Ng3 Nd7 16. Bd5 Rb8 17. axb5 Nxb5 18. Rxa6 Nc7 19. Ra1 Nxd5 20. exd5 f5 21. gxf5 Bxf5 22. Nxf5 Rxf5 23. Nh2 Bg5 24. Qg4 Qf6 25. f4 exf4 26. Nf3 Ne5 27. Rxe5 dxe5 28. c4 Bh6 29. Ra7 g6 30. Qg2 Bg7 31. Qf2 Qb6 32. Re7 Qd6 33. Re6 Qf8 34. Qh4 Rh5 35. Qg4 Rd8 36. Bd2 Qf5 37. Qxf5 Rxf5 38. Bc3 Kg8 39. h4 Rff8 40. Ng5 h6 41. Ne4 Kf7 42. b4 cxb4 43. Bxb4 Rfe8 44. Ra6 Kg8 45. Rxg6 Kh7 46. Rb6 Rg8 47. Kf1 Bh8 48. Rb7+ Rg7 49. Be7 Ra8 50. Nf6+ Kg6 51. h5+ Kf5 52. Ne4 Ra1+ 53. Kf2 Ra2+ 54. Kf3 Rxe7 55. Rxe7 Rh2 56. Rf7+ 1-0

[Event "Mumbai Wealth U13 op 5th"]
[Site "Mumbai"]
[Date "2020.01.05"]
[Round "7"]
[White "Shravan, Swaminathan"]
[Black "Tambe, Shardul"]
[Result "1-0"]
[WhiteElo "1534"]
[BlackElo "1216"]
[PlyCount "129"]
[EventDate "2019.12.30"]
[EventType "swiss"]
[EventRounds "9"]
[EventCountry "IND"]
[SourceTitle "CBM 194 Extra"]
[Source "ChessBase"]
[SourceDate "2020.03.31"]
[SourceVersion "1"]
[SourceVersionDate "2020.03.31"]
[SourceQuality "1"]

1. b3 d5 2. Bb2 c5 3. Nf3 Nc6 4. e3 Bg4 5. Be2 e6 6. 0-0 Nf6 7. d4 Bxf3 8. Bxf3 cxd4 9. exd4 Bd6 10. Qe2 0-0 11. g3 Rc8 12. Rd1 a6 13. c4 Re8 14. Bg2 Na5 15. c5 Be7 16. Nd2 Nc6 17. a3 Qc7 18. Kh1 Bf8 19. f4 Kh8 20. Rf1 Ng8 21. g4 f5 22. gxf5 exf5 23. Qd3 Qf7 24. Nf3 Qh5 25. Ng5 h6 26. Rf3 Qg6 27. Rh3 Nf6 28. Nf3 Ng4 29. Kg1 Re3 30. Qd2 Rce8 31. Re1 Kg8 32. Rxe3 Rxe3 33. Ne5 Ncxe5 34. Rxe3 Nxe3 35. Qxe3 Ng4 36. Qe2 Qf7 37. b4 Qd7 38. Qe1 Kh8 39. Qe2 Kg8 40. Bf1 Qc7 41. h3 Nf6 42. Qe6+ Kh8 43. Qxf5 Be7 44. Bd3 Qc6 45. Bc3 Kg8 46. Be1 Bd8 47. Bc2 Qe8 48. Qe5 Qxe5 49. dxe5 Nh5 50. f5 Nf4 51. Bb3 Nxh3+ 52. Kg2 Nf4+ 53. Kf3 g5 54. Bg3 Nd3 55. Bxd5+ Kf8 56. Ke3 Nb2 57. f6 a5 58. Ke4 b6 59. Kf5 axb4 60. axb4 Nd3 61. e6 bxc5 62. Bd6+ Kg8 63. e7+ Kh7 64. exd8Q cxb4 65. Qg8# 1-0

[Event "Mumbai Wealth U13 op 5th"]
[Site "Mumbai"]
[Date "2020.01.02"]
[Round "4"]
[White "Renganayaki, Venkatesh"]
[Black "Shravan, Swaminathan"]
[Result "1/2-1/2"]
[WhiteElo "1797"]
[BlackElo "1534"]
[PlyCount "108"]
[EventDate "2019.12.30"]
[EventType "swiss"]
[EventRounds "9"]
[EventCountry "IND"]
[SourceTitle "CBM 194 Extra"]
[Source "ChessBase"]
[SourceDate "2020.03.31"]
[SourceVersion "1"]
[SourceVersionDate "2020.03.31"]
[SourceQuality "1"]

1. d4 d5 2. c4 e6 3. Nf3 Nf6 4. g3 c6 5. Bg2 Bd6 6. 0-0 Nbd7 7. Qd3 Ne4 8. Nfd2 Nxd2 9. Nxd2 0-0 10. e4 dxe4 11. Nxe4 Be7 12. Rd1 e5 13. dxe5 Nxe5 14. Qc2 Qa5 15. Bd2 Bb4 16. h3 Bxd2 17. Rxd2 Ng6 18. Nd6 Qc7 19. Qb3 Rb8 20. Qa3 a6 21. b4 Be6 22. c5 Ne7 23. Qa5 Qd7 24. Nc4 Bd5 25. Re1 Rfe8 26. g4 Ng6 27. Red1 Nf4 28. Nb6 Qe6 29. Nxd5 cxd5 30. Qc7 Nxg2 31. Kxg2 Qc6 32. Qf4 Rbd8 33. f3 Rd7 34. Qd4 Qe6 35. Qd3 g6 36. Kf2 Qe5 37. Kg2 d4 38. Qc4 d3 39. Rxd3 Qe2+ 40. Kg3 Qxd1 41. Rxd1 Rxd1 42. Qf4 Re2 43. Qb8+ Kg7 44. Qxb7 g5 45. h4 h6 46. Qxa6 Rg1+ 47. Kh3 Rh1+ 48. Kg3 Rhh2 49. hxg5 hxg5 50. f4 Rhg2+ 51. Kh3 Rh2+ 52. Kg3 Rhg2+ 53. Kh3 gxf4 54. Kh4 Rh2+ 1/2-1/2

[Event "Mumbai Wealth op U13 4th"]
[Site "Mumbai"]
[Date "2019.01.03"]
[Round "5"]
[White "Shravan, Swaminathan"]
[Black "Aditya, Varun Gampa"]
[Result "1-0"]
[WhiteElo "1488"]
[BlackElo "1809"]
[PlyCount "81"]
[EventDate "2018.12.30"]
[EventType "swiss"]
[EventRounds "9"]
[EventCountry "IND"]
[SourceTitle "CBM 188 Extra"]
[Source "ChessBase"]
[SourceDate "2019.02.26"]
[SourceVersion "1"]
[SourceVersionDate "2019.02.26"]
[SourceQuality "1"]

1. d4 Nf6 2. Nf3 d5 3. Bf4 e6 4. e3 c5 5. c3 Nc6 6. Nbd2 Bd6 7. Bg3 0-0 8. Bd3 b6 9. Ne5 Bb7 10. f4 Ne7 11. 0-0 Ne4 12. Bh4 f6 13. Nef3 Nf5 14. Bf2 Nxf2 15. Kxf2 c4 16. Bc2 b5 17. g4 Ne7 18. Qb1 f5 19. Rg1 b4 20. gxf5 Nxf5 21. Qf1 bxc3 22. bxc3 Qf6 23. Qh3 h6 24. Rg4 Kh8 25. Rag1 Rf7 26. Rg6 Qe7 27. Ng5 Rf6 28. Nxe6 Qxe6 29. Bxf5 Qe7 30. Rxf6 Qxf6 31. Rg6 Qf8 32. Nf3 Re8 33. Ng5 Bc8 34. Bxc8 Bxf4 35. exf4 Qxf4+ 36. Nf3 Qe3+ 37. Kg3 Rf8 38. Bf5 Rb8 39. Qg4 Rb2 40. Rxg7 Qf2+ 41. Kf4 1-0

[Event "Mumbai Wealth rating op 4th"]
[Site "Mumbai"]
[Date "2018.12.31"]
[Round "2"]
[White "Samrat, Ghorai"]
[Black "Shravan, Swaminathan"]
[Result "1-0"]
[WhiteElo "1984"]
[BlackElo "1488"]
[PlyCount "57"]
[EventDate "2018.12.30"]
[EventType "swiss"]
[EventRounds "9"]
[EventCountry "IND"]
[SourceTitle "CBM 188 Extra"]
[Source "ChessBase"]
[SourceDate "2019.02.26"]
[SourceVersion "1"]
[SourceVersionDate "2019.02.26"]
[SourceQuality "1"]

1. e4 c6 2. Nc3 d5 3. Nf3 d4 4. Ne2 c5 5. c3 dxc3 6. bxc3 Nf6 7. Ng3 e6 8. Bc4 Be7 9. 0-0 0-0 10. d4 cxd4 11. cxd4 b6 12. Qe2 Bb7 13. Rd1 Nbd7 14. Bb2 Rc8 15. Rac1 Rc7 16. Bb3 Rxc1 17. Bxc1 Qa8 18. Nd2 Nb8 19. d5 exd5 20. e5 Ne4 21. Ndxe4 dxe4 22. Nf5 Nc6 23. Rd7 Re8 24. Qg4 g6 25. Nh6+ Kg7 26. Qf4 Rf8 27. Rxe7 Rd8 28. Qxf7+ Kh8 29. Qg7# 1-0